Prénoms de chanteurs - Statistiques

Statistiques générales
  • Ce quiz a été pris 4 715 fois
  • Le résultat moyen est 18 sur 23
Statistiques - réponses
NOM Prénom % Correct
Dion Céline
97%
Hallyday Johnny
97%
Presley Elvis
95%
Cabrel Francis
95%
Doré Julien
95%
Pokora Matt
93%
Mae Christophe
91%
Lipa Dua
90%
Lavoine Marc
90%
Montagné Gilbert
88%
Polnareff Michel
84%
Girac Kendji
81%
Mitchell Eddy
78%
Francois Claude
76%
Cyrus Miley
76%
Sinatra Franck
75%
Lovato Demi
71%
Ferrat Jean
69%
Jagger Mick
64%
Bashung Alain
57%
Luce Renan
55%
Moustaki Georges
41%
Charles Ray
37%
Aucun quiz correspondant
Distribution des résultats
% des personnes avec chaque résultat
Percentile par nombre de réponses
Votre historique - résultats
Vous n’avez pas pris ce quiz